| 000 | 01278nam a2200301 i 4500 | ||
|---|---|---|---|
| 003 | DO-SdBNP | ||
| 005 | 20240619091406.0 | ||
| 007 | ta | ||
| 008 | 090824s1999 dr 001 0 spa d | ||
| 040 |
_aDO-SdBNP _bspa _cBNPHU _erda |
||
| 082 | 4 |
_a344.729301 _bH557m, 1999 _222 |
|
| 100 | 1 |
_aHernández Rueda, Lupo, _d1930 -2017 _925215 _eautor |
|
| 245 | 1 | 0 |
_aManual de derecho del trabajo / _cLupo Hernández Rueda. |
| 250 | _aoctava edición ampliada, corregida y actualizada | ||
| 264 |
_aSano Domingo : _bDalis, _c1999. |
||
| 300 |
_avolumenes ; _c23 cm. |
||
| 336 |
_2rdacontent _atexto _btxt |
||
| 337 |
_2rdamedia _asin mediación _bn |
||
| 338 |
_2rdacarrier _avolumen _bnc |
||
| 500 | _aOctava edición ampliada, corregida y actualizada con las reformas introducidas por el Código del Trabajo de 1992 y el reglamento para su aplicación y modificaciones introducidas por las leyes nos. 97-97, 204-97 y 95-98 | ||
| 500 | _aIncluye referencias bibliográficas y notas al pie de las páginas | ||
| 500 | _aLa biblioteca posee el volumen 1 | ||
| 590 | _aInventariado, 2024/BT | ||
| 650 | 4 |
_aDerecho laboral _zRepública Dominicana _vManuales _916403 |
|
| 650 | 4 |
_aLegislación laboral _zRepública Dominicana _vManuales _916404 |
|
| 910 | _aBtavárez | ||
| 942 |
_2ddc _cLBS1 |
||
| 999 |
_c56886 _d56886 |
||